Poesía escogida /
Na minha lista:
| Autor principal: | |
|---|---|
| Formato: | Desconhecido |
| Idioma: | Spanish |
| Publicado em: |
Guatemala :
Editorial Cultura,
1990.
|
| Colecção: | (Colección Poesía Guatemalteca Siglo XX ;
número 11) |
| Assuntos: | |
| Tags: |
Adicionar Tag
Sem tags, seja o primeiro a adicionar uma tag!
|
MARC
| LEADER | 000000000a22000000004500 | ||
|---|---|---|---|
| 001 | 001779 | ||
| 041 | 0 | |a spa | |
| 082 | 0 | 4 | |a G861.42 |b B816p |
| 100 | 1 | |a Brañas, Antonio, |d 1920- | |
| 245 | 1 | 0 | |a Poesía escogida / |c Antonio Brañas. |
| 260 | 1 | |a Guatemala : |b Editorial Cultura, |c 1990. | |
| 300 | |a 35 hojas en estuche | ||
| 490 | 1 | |a (Colección Poesía Guatemalteca Siglo XX ; |v número 11) | |
| 500 | |a Otro ejemplar con número de inscripción 14779 | ||
| 650 | 4 | |a LITERATURA GUATEMALTECA | |
| 650 | 4 | |a POESIA | |
| 999 | |c 8447 |d 8447 | ||
| 942 | |c BK |h G861.42 B816p |2 z | ||
